Druhá energetická vojna
V polovici roku 2007 sa má v troch energetických firmách právne oddeliť distribúcia od predaja elektrickej energie. Nová vláda požaduje majoritné manažérske právomoci v dcérskych spoločnostiach, ktoré rozdelením vzniknú. S tým nesúhlasia zahraniční investori. K vzniknutej situácii okolo unbundingu s...
Salvato in:
| Autore principale: | |
|---|---|
| Natura: | Capitolo di libro |
| Lingua: | slovacco |
| Soggetti: | |
| Tags: |
Nessun Tag, puoi essere il primo ad aggiungerne!!
|
MARC
| LEADER | 00000naa$a2200000$$$4500 | ||
|---|---|---|---|
| 001 | 0053596 | ||
| 005 | 20231009072844.7 | ||
| 041 | 0 | |a slo | |
| 044 | |a SK | ||
| 245 | 1 | 0 | |a Druhá energetická vojna |c Peter Marčan |
| 520 | |a V polovici roku 2007 sa má v troch energetických firmách právne oddeliť distribúcia od predaja elektrickej energie. Nová vláda požaduje majoritné manažérske právomoci v dcérskych spoločnostiach, ktoré rozdelením vzniknú. S tým nesúhlasia zahraniční investori. K vzniknutej situácii okolo unbundingu sa zahraniční akcionári distribučných spoločností príliš nevyjadrujú. Nájde sa kompromis ? Štát nechce ustúpiť. | ||
| 610 | 2 | 0 | |a elektrina |
| 610 | 2 | 0 | |a distribúcia |
| 610 | 2 | 0 | |a spoločnosti |
| 610 | 2 | 0 | |a spoločnosti dcérske |
| 610 | 2 | 0 | |a manažment |
| 610 | 2 | 0 | |a investori |
| 610 | 2 | 0 | |a štát |
| 100 | 1 | |a Marčan, Peter | |